<?xml version="1.0" encoding="UTF-8"?><?xml-stylesheet type="text/xsl" href="static/style.xsl"?><OAI-PMH xmlns="http://www.openarchives.org/OAI/2.0/" xmlns:xsi="http://www.w3.org/2001/XMLSchema-instance" xsi:schemaLocation="http://www.openarchives.org/OAI/2.0/ http://www.openarchives.org/OAI/2.0/OAI-PMH.xsd"><responseDate>2026-04-30T03:51:09Z</responseDate><request verb="GetRecord" identifier="oai:repisalud.isciii.es:20.500.12105/13955" metadataPrefix="marc">https://repisalud.isciii.es/rest/oai/request</request><GetRecord><record><header><identifier>oai:repisalud.isciii.es:20.500.12105/13955</identifier><datestamp>2025-06-17T09:54:32Z</datestamp><setSpec>com_20.500.12105_2052</setSpec><setSpec>com_20.500.12105_2051</setSpec><setSpec>col_20.500.12105_19616</setSpec></header><metadata><record xmlns="http://www.loc.gov/MARC21/slim" xmlns:dcterms="http://purl.org/dc/terms/" xmlns:doc="http://www.lyncode.com/xoai" xmlns:xsi="http://www.w3.org/2001/XMLSchema-instance" xsi:schemaLocation="http://www.loc.gov/MARC21/slim http://www.loc.gov/standards/marcxml/schema/MARC21slim.xsd">
   <leader>00925njm 22002777a 4500</leader>
   <datafield ind2=" " ind1=" " tag="042">
      <subfield code="a">dc</subfield>
   </datafield>
   <datafield ind2=" " ind1=" " tag="720">
      <subfield code="a">Jiménez Legido, M</subfield>
      <subfield code="e">author</subfield>
   </datafield>
   <datafield ind2=" " ind1=" " tag="720">
      <subfield code="a">Cortés Ledesma, C</subfield>
      <subfield code="e">author</subfield>
   </datafield>
   <datafield ind2=" " ind1=" " tag="720">
      <subfield code="a">Bernardino Cuesta, B</subfield>
      <subfield code="e">author</subfield>
   </datafield>
   <datafield ind2=" " ind1=" " tag="720">
      <subfield code="a">López Marín, L</subfield>
      <subfield code="e">author</subfield>
   </datafield>
   <datafield ind2=" " ind1=" " tag="720">
      <subfield code="a">Cantarín Extremera, V</subfield>
      <subfield code="e">author</subfield>
   </datafield>
   <datafield ind2=" " ind1=" " tag="720">
      <subfield code="a">Pérez-Cerdá, C</subfield>
      <subfield code="e">author</subfield>
   </datafield>
   <datafield ind2=" " ind1=" " tag="720">
      <subfield code="a">Pérez González, B</subfield>
      <subfield code="e">author</subfield>
   </datafield>
   <datafield ind2=" " ind1=" " tag="720">
      <subfield code="a">Lopez-Martin, Estrella</subfield>
      <subfield code="e">author</subfield>
   </datafield>
   <datafield ind2=" " ind1=" " tag="720">
      <subfield code="a">González Gutiérrez-Solana, L</subfield>
      <subfield code="e">author</subfield>
   </datafield>
   <datafield ind2=" " ind1=" " tag="260">
      <subfield code="c">2019-04-29</subfield>
   </datafield>
   <datafield ind2=" " ind1=" " tag="520">
      <subfield code="a">[ES] Introducción: El síndrome de déficit del transportador de glucosa cerebral (GLUT1DS) puede presentar fenotipos variados, incluyendo epilepsia, déficit intelectual y trastorno del movimiento. La mayoría presenta hipoglucorraquia y/o defectos en el gen SLC2A1, aunque existen pacientes sin hipoglucorraquia y otros con genética de SLC2A1-negativa, o con defectos en otros genes y fenotipo compatible. Objetivos: Describir las características clínicas, bioquímicas y genéticas y realizar un análisis univariante de un grupo de pacientes con fenotipo clínico y bioquímico de GLUT1DS, con o sin genética SLC2A1-positiva. Material y métodos: Se incluyeron 13 pacientes con criterios clínico-bioquímicos de GLUT1DS. Se realizó secuenciación de SLC2A1 y MLPA. En los casos negativos se realizó exoma clínico. Resultados: Seis presentaron fenotipo clásico, 2 discinesia paroxística, 2 trastornos del movimiento complejo, 2 ausencias precoces y otro presentó epilepsia con ausencias infantiles refractaria a farmacoterapia. Seis fueron SLC2A1-positivos. Y en 5 de los SLC2A1-negativos se identificó otro defecto genético. No hubo diferencias significativas entre los dos grupos en edad de inicio, presentación clínica, microcefalia, discapacidad intelectual ni respuesta a dieta cetogénica. De forma no significativa, los pacientes SCL2A1-positivos presentaron más cambios clínicos en relación con la ingesta (66,7% vs. 28,6%) y mayor persistencia de síntomas motores (66% vs. 28,6%). De forma significativa, presentaron menor glucorraquia (34,5 mg/dl vs. 46 mg/dl, p = 0,04) e índice glucorraquia/glucemia más bajo (0,4 vs. 0,48, p = 0,05) que los SLC2A1-negativos. Conclusiones: GLUT1DS puede ser causado por defectos genéticos en otros genes diferentes de SLC2A1 en pacientes con fenotipo compatible, hipoglucorraquia y buena respuesta a dieta cetogénica. [EN] Introduction: Glucose transporter type 1 (GLUT1) deficiency syndrome may present a range of phenotypes, including epilepsy, intellectual disability, and movement disorders. The majority of patients present low CSF glucose levels and/or defects in the SLC2A1 gene; however, some patients do not present low CSF glucose or SLC2A1 mutations, and may have other mutations in other genes with compatible phenotypes. Aims: We describe the clinical, biochemical, and genetic characteristics of the disease and perform a univariate analysis of a group of patients with clinical and biochemical phenotype of GLUT1 deficiency syndrome, with or without SLC2A1 mutations. Material and methods: The study included 13 patients meeting clinical and biochemical criteria for GLUT1 deficiency syndrome. SLC2A1 sequencing and multiplex ligation-dependent probe amplification were performed; exome sequencing was performed for patients with negative results. Results: Six patients presented the classic phenotype; 2 paroxysmal dyskinesia, 2 complex movement disorders, 2 early-onset absence seizures, and one presented drug-resistant childhood absence epilepsy. Six patients were positive for SLC2A1 mutations; in the other 5, another genetic defect was identified. No significant differences were observed between the 2 groups for age of onset, clinical presentation, microcephaly, intellectual disability, or response to ketogenic diet. Patients with SLC2A1 mutations presented more clinical changes in relation to diet (66.7% vs. 28.6% in the SLC2A1-negative group) and greater persistence of motor symptoms (66% vs. 28.6%); these differences were not statistically significant. Significant differences were observed for CSF glucose level (34.5 vs. 46 mg/dL, P = .04) and CSF/serum glucose ratio (0.4 vs. 0.48, P &lt; .05).</subfield>
   </datafield>
   <datafield ind1="8" ind2=" " tag="024">
      <subfield code="a">Neurologia (Engl Ed)  . 2019 ;S0213-4853(19)30016-7.</subfield>
   </datafield>
   <datafield ind1="8" ind2=" " tag="024">
      <subfield code="a">10.1016/j.nrl.2018.10.006</subfield>
   </datafield>
   <datafield ind1="8" ind2=" " tag="024">
      <subfield code="a">2173-5808</subfield>
   </datafield>
   <datafield ind1="8" ind2=" " tag="024">
      <subfield code="a">Neurologia (Barcelona, Spain)</subfield>
   </datafield>
   <datafield ind1="8" ind2=" " tag="024">
      <subfield code="a">31047728</subfield>
   </datafield>
   <datafield ind1="8" ind2=" " tag="024">
      <subfield code="a">http://hdl.handle.net/20.500.12105/13955</subfield>
   </datafield>
   <datafield tag="653" ind2=" " ind1=" ">
      <subfield code="a">Ausencias precoces</subfield>
   </datafield>
   <datafield tag="653" ind2=" " ind1=" ">
      <subfield code="a">Discinesia paroxística</subfield>
   </datafield>
   <datafield tag="653" ind2=" " ind1=" ">
      <subfield code="a">Epilepsia refractaria</subfield>
   </datafield>
   <datafield tag="653" ind2=" " ind1=" ">
      <subfield code="a">GLUT1</subfield>
   </datafield>
   <datafield tag="653" ind2=" " ind1=" ">
      <subfield code="a">Hipoglucorraquia</subfield>
   </datafield>
   <datafield tag="653" ind2=" " ind1=" ">
      <subfield code="a">SLC2A1</subfield>
   </datafield>
   <datafield tag="653" ind2=" " ind1=" ">
      <subfield code="a">Early-onset absence epilepsy</subfield>
   </datafield>
   <datafield tag="653" ind2=" " ind1=" ">
      <subfield code="a">Low CSF glucose</subfield>
   </datafield>
   <datafield tag="653" ind2=" " ind1=" ">
      <subfield code="a">Paroxismal dyskinesia</subfield>
   </datafield>
   <datafield tag="653" ind2=" " ind1=" ">
      <subfield code="a">Refractory epilepsy</subfield>
   </datafield>
   <datafield ind2="0" ind1="0" tag="245">
      <subfield code="a">Estudio de pacientes pediátricos con fenotipo clínico y bioquímico de síndrome de déficit de transportador de glucosa cerebral (GLUT-1)</subfield>
   </datafield>
</record></metadata></record></GetRecord></OAI-PMH>